Estadísticas para Lunas más grandes del Sistema Solar

Haz click aquí para intentar la prueba.

Estadísticas generales

  • Esta prueba ha sido intentada 46 veces
  • La puntuación promedio es 8 de 16

Estadísticas de respuestas

DiámetroSatélite% Correcto
3122 kmEuropa
97%
3643 kmÍo
93%
3475 kmLuna
93%
5262 kmGanímedes
83%
4821 kmCalisto
76%
5150 kmTitán
76%
2707 kmTritón
59%
1471 kmJápeto
41%
1210 kmCaronte
38%
1578 kmTitania
34%
1529 kmRea
28%
1123 kmDione
24%
1523 kmOberón
24%
1158 kmAriel
17%
1169 kmUmbriel
17%
1066 kmTetis
10%

Distribución de puntuación

Porcentaje por número respondido

Porcentaje de gente con cada puntuación

Historial de tus puntuaciones

No has intentado esta prueba.